[Event "Titled Tuesday intern op 02nd Apr Early"]
[Site "Chess.com INT"]
[Date "2024.04.02"]
[Round "10"]
[White "Hehir, Michael"]
[Black "Bielinski, Dariusz"]
[Result "0-1"]
[WhiteElo "2009"]
[BlackElo "2135"]
[PlyCount "84"]
[EventDate "2024.04.02"]
[EventType "swiss (blitz)"]
[EventRounds "11"]
[EventCountry "USA"]
[SourceTitle "CB15_2024"]
[SourceDate "2024.04.10"]
[SourceVersion "1"]
[SourceVersionDate "2024.04.10"]
[SourceQuality "1"]

1. d4 d6 2. Nf3 g6 3. g3 Bg7 4. Bg2 Nf6 5. 0-0 0-0 6. c4 c6 7. Nc3 a6 8. a4 a5 9. e4 Na6 10. Bf4 Bg4 11. h3 Bxf3 12. Bxf3 Nd7 13. Qd2 e5 14. dxe5 dxe5 15. Bg5 Bf6 16. Bxf6 Nxf6 17. Rfd1 Qxd2 18. Rxd2 Nc5 19. Rd6 Kg7 20. Rad1 Rfe8 21. Kg2 Re6 22. Rd8 Re8 23. Rxa8 Rxa8 24. g4 Kf8 25. g5 Nfd7 26. Bg4 Nb6 27. Be2 Ke7 28. Ra1 Rd8 29. Rd1 Ncxa4 30. Rxd8 Kxd8 31. Nd1 Nc5 32. f3 Ne6 33. Kf2 Nxg5 34. h4 Ne6 35. Ke3 Nd4 36. f4 Nxe2 37. Kxe2 exf4 38. Kf3 Nxc4 39. Kxf4 Ke7 40. Kg5 h5 41. Kf4 b5 42. b3 Nd2 0-1

[Event "Titled Tuesday intern op 02nd Apr Early"]
[Site "Chess.com INT"]
[Date "2024.04.02"]
[Round "11"]
[White "Hehir, Michael"]
[Black "Recuero Guerra, Javier"]
[Result "1-0"]
[WhiteElo "2009"]
[BlackElo "2152"]
[PlyCount "99"]
[EventDate "2024.04.02"]
[EventType "swiss (blitz)"]
[EventRounds "11"]
[EventCountry "USA"]
[SourceTitle "CB15_2024"]
[SourceDate "2024.04.10"]
[SourceVersion "1"]
[SourceVersionDate "2024.04.10"]
[SourceQuality "1"]

1. d4 Nf6 2. c4 g6 3. Nc3 Bg7 4. e4 d6 5. Be2 0-0 6. Nf3 e5 7. dxe5 dxe5 8. Qxd8 Rxd8 9. Bg5 Re8 10. Nd5 Nxd5 11. cxd5 c6 12. Bc4 b5 13. Bb3 c5 14. a4 Ba6 15. axb5 Bxb5 16. Rc1 Nd7 17. Be3 Rec8 18. Bc4 Rab8 19. Nd2 a6 20. 0-0 Bf8 21. Rc2 Nb6 22. Rfc1 Nxc4 23. Nxc4 Bxc4 24. Rxc4 Rxb2 25. g3 Rb5 26. Ra1 a5 27. Bd2 Ra8 28. Rca4 Bd6 29. Bxa5 f5 30. f3 Rb2 31. Bc3 Rxa4 32. Rxa4 Rb3 33. Rc4 fxe4 34. fxe4 Rb1+ 35. Kg2 Rc1 36. Kf3 Be7 37. Ke2 Bd6 38. Kd3 Kf7 39. Bd2 Rg1 40. Be3 Rg2 41. Bxc5 Bxc5 42. Rxc5 Rxh2 43. Rc7+ Ke8 44. d6 Rh3 45. Re7+ Kd8 46. Kc4 h5 47. Kd5 Rxg3 48. Kxe5 Rf3 49. Rg7 h4 50. Ke6 1-0

[Event "Titled Tuesday intern op 12th Mar Early"]
[Site "Chess.com INT"]
[Date "2024.03.12"]
[Round "5"]
[White "Devaev, Alexander"]
[Black "Hehir, Michael"]
[Result "1-0"]
[WhiteElo "2325"]
[BlackElo "2009"]
[PlyCount "63"]
[EventDate "2024.03.12"]
[EventType "swiss (blitz)"]
[EventRounds "11"]
[EventCountry "USA"]
[SourceTitle "CB12_2024"]
[SourceDate "2023.10.01"]
[SourceVersion "1"]
[SourceVersionDate "2023.10.01"]
[SourceQuality "1"]

1. d4 Nf6 2. c4 g6 3. Nc3 Bg7 4. e4 d6 5. Nf3 0-0 6. h3 c5 7. d5 a6 8. a4 Re8 9. Bd3 e6 10. 0-0 exd5 11. cxd5 Nbd7 12. Bf4 Ne5 13. Nxe5 dxe5 14. Be3 Qc7 15. a5 Rf8 16. Qd2 Ne8 17. Na4 c4 18. Rfc1 Nd6 19. b3 f5 20. Nb6 Rb8 21. Nxc4 Nxe4 22. Bxe4 fxe4 23. Nb6 Qf7 24. d6 Rd8 25. Rc7 Bd7 26. b4 Bf8 27. Bc5 Qe6 28. Re1 Bc6 29. Rd1 Bb5 30. Qd5 Qxd5 31. Nxd5 Rd7 32. Nf6+ 1-0

[Event "Titled Tuesday intern op 12th Mar Early"]
[Site "Chess.com INT"]
[Date "2024.03.12"]
[Round "10"]
[White "Dmitrenko, Viktor"]
[Black "Hehir, Michael"]
[Result "1-0"]
[WhiteElo "2395"]
[BlackElo "2009"]
[PlyCount "73"]
[EventDate "2024.03.12"]
[EventType "swiss (blitz)"]
[EventRounds "11"]
[EventCountry "USA"]
[SourceTitle "CB12_2024"]
[SourceDate "2023.10.01"]
[SourceVersion "1"]
[SourceVersionDate "2023.10.01"]
[SourceQuality "1"]

1. e4 d6 2. d4 Nf6 3. Nc3 Nbd7 4. g3 e5 5. Nge2 g6 6. Bg2 Bg7 7. 0-0 0-0 8. h3 c6 9. a4 a5 10. Be3 Qc7 11. Qd2 Re8 12. Rad1 exd4 13. Nxd4 Nc5 14. f3 Nh5 15. Nde2 Be6 16. Qxd6 Qxd6 17. Rxd6 Na6 18. f4 Nb4 19. Rd2 Bc4 20. e5 Bf8 21. b3 Be6 22. Ne4 Nd5 23. Bd4 Be7 24. g4 Ng7 25. N2g3 Red8 26. f5 gxf5 27. gxf5 Bc8 28. f6 Bb4 29. c3 Ne6 30. cxb4 Ndf4 31. Be3 Rxd2 32. Bxd2 Nd5 33. Nf5 axb4 34. Rf3 Kh8 35. Bh6 Nec7 36. Bg7+ Kg8 37. Nh6# 1-0

[Event "Titled Tuesday intern op 12th Mar Early"]
[Site "Chess.com INT"]
[Date "2024.03.12"]
[Round "7"]
[White "Hehir, Michael"]
[Black "Matveeva, Olga"]
[Result "0-1"]
[WhiteElo "2009"]
[BlackElo "2156"]
[PlyCount "60"]
[EventDate "2024.03.12"]
[EventType "swiss (blitz)"]
[EventRounds "11"]
[EventCountry "USA"]
[SourceTitle "CB12_2024"]
[SourceDate "2023.10.01"]
[SourceVersion "1"]
[SourceVersionDate "2023.10.01"]
[SourceQuality "1"]

1. d4 d5 2. c4 e6 3. Nc3 Nf6 4. cxd5 exd5 5. Bg5 Be7 6. Qc2 c6 7. e3 Nbd7 8. Bd3 Nh5 9. Bxe7 Qxe7 10. Nge2 g6 11. Rb1 a5 12. g4 Nhf6 13. h3 0-0 14. Ng3 c5 15. 0-0 c4 16. Be2 Qe6 17. Bf3 Nb6 18. Rbe1 Re8 19. e4 dxe4 20. Ncxe4 Bd7 21. Qc1 Bc6 22. Qf4 Nbd5 23. Qh6 Qd7 24. Ng5 Nf4 25. Bxc6 Qxc6 26. N3e4 Rxe4 27. Rxe4 Nd3 28. Re7 Qd5 29. Nxf7 Nf4 30. Ne5 Qg2# 0-1

[Event "Titled Tuesday intern op 12th Mar Early"]
[Site "Chess.com INT"]
[Date "2024.03.12"]
[Round "2"]
[White "Keleberda, Timur"]
[Black "Hehir, Michael"]
[Result "1-0"]
[WhiteElo "2235"]
[BlackElo "2009"]
[PlyCount "49"]
[EventDate "2024.03.12"]
[EventType "swiss (blitz)"]
[EventRounds "11"]
[EventCountry "USA"]
[SourceTitle "CB12_2024"]
[SourceDate "2023.10.01"]
[SourceVersion "1"]
[SourceVersionDate "2023.10.01"]
[SourceQuality "1"]

1. e4 d6 2. d4 Nf6 3. Nc3 Nbd7 4. Nf3 e5 5. Bc4 Be7 6. a4 c6 7. 0-0 h6 8. h3 Nf8 9. dxe5 dxe5 10. Nxe5 Be6 11. Qe2 Qc7 12. Bf4 Bd6 13. Nxf7 Bxf7 14. e5 Bxc4 15. Qxc4 Bxe5 16. Bxe5 Qxe5 17. Rfe1 Qxe1+ 18. Rxe1+ Kd7 19. Qd4+ Kc7 20. Re7+ N8d7 21. Ne4 Rad8 22. Nc5 Rhe8 23. Ne6+ Kc8 24. Qd6 Rxe7 25. Qc7# 1-0